Get back to basics (Record no. 81705)
[ view plain ]
| 000 -LEADER | |
|---|---|
| fixed length control field | 01226cab a22002415a 4500 |
| 001 - CONTROL NUMBER | |
| control field | L148042 |
| 008 - FIXED-LENGTH DATA ELEMENTS--GENERAL INFORMATION | |
| fixed length control field | 090715e20090704xxk g 000 0 eng d |
| 035 ## - SYSTEM CONTROL NUMBER | |
| System control number | (Sirsi) u148042 |
| 041 0# - LANGUAGE CODE | |
| Language code of text/sound track or separate title | eng |
| 100 1# - MAIN ENTRY--PERSONAL NAME | |
| Personal name | Dollar, Peta |
| 245 00 - TITLE STATEMENT | |
| Title | Get back to basics |
| 260 ## - PUBLICATION, DISTRIBUTION, ETC. | |
| Date of publication, distribution, etc. | 2009 |
| 490 ## - SERIES STATEMENT | |
| Series statement | Estates Gazette |
| Volume/sequential designation | (0926) 4 July 2009, 108-110(3) |
| 520 ## - SUMMARY, ETC. | |
| Summary, etc. | Property estoppel enables claimants to go to court to seek relief, but a recent House of Lords decision makes it obvious that estoppel use is becoming unprincipled. The following decisions suggests that courts should take a strict approach to proprietary estoppel claims and reinforces the need for strict compliance with Law of Property (Miscellaneous Provisions) Act 1989 S2. "Cobb v Yeoman's Row Management Ltd" [2008] UKHL 55 (L1446550), "Hutchison v B&DF Ltd" [2008] EWHC 2286 (Ch) (L145803) and "Herbert v Doyle" [2008] EWHC 2663 (Ch). |
| 590 ## - LOCAL NOTE (RLIN) | |
| Local note | KA |
| 650 24 - SUBJECT ADDED ENTRY--TOPICAL TERM | |
| Topical term or geographic name entry element | YEOMANS ROW MANAGEMENT LTD V COBBE |
| 650 24 - SUBJECT ADDED ENTRY--TOPICAL TERM | |
| Topical term or geographic name entry element | HUTCHISON AND OTHERS V B & DF LTD |
| 650 24 - SUBJECT ADDED ENTRY--TOPICAL TERM | |
| Topical term or geographic name entry element | HERBERT V DOYLE |
| 650 24 - SUBJECT ADDED ENTRY--TOPICAL TERM | |
| Topical term or geographic name entry element | LAW OF PROPERTY (MISCELLANEOUS PROVISIONS) ACT 1989 |
| 651 #4 - SUBJECT ADDED ENTRY--GEOGRAPHIC NAME | |
| Geographic name | England and Wales |
| Chronological subdivision | 1543- |
| 690 ## - LOCAL SUBJECT ADDED ENTRY--TOPICAL TERM (OCLC, RLIN) | |
| Topical term or geographic name as entry element | PROPERTY-PROPERTY ACQUISITION AND DISPOSAL |
| 942 ## - ADDED ENTRY ELEMENTS (KOHA) | |
| Suppress in OPAC | 0 |
| Withdrawn status | Lost status | Source of classification or shelving scheme | Damaged status | Not for loan | Home library | Current library | Shelving location | Date acquired | Total Checkouts | Full call number | Barcode | Date last seen | Copy number | Price effective from | Koha item type |
|---|---|---|---|---|---|---|---|---|---|---|---|---|---|---|---|
| Dewey Decimal Classification | London | London | Journal article | 15/07/2009 | L148042 | 148042-1001 | 06/08/2019 | 1 | 06/08/2019 | Journal article |